The five love languages : (Record no. 14610)

000 -LEADER
fixed length control field 00888cam a2200289 a 4500
001 - CONTROL NUMBER
control field 4938012
003 - CONTROL NUMBER IDENTIFIER
control field OkBaRHE
005 - DATE AND TIME OF LATEST TRANSACTION
control field 20111214131314.0
008 - FIXED-LENGTH DATA ELEMENTS--GENERAL INFORMATION
fixed length control field 951030s1995 ilu 000 0 eng
010 ## - LIBRARY OF CONGRESS CONTROL NUMBER
LC control number 95219572
020 ## - INTERNATIONAL STANDARD BOOK NUMBER
International Standard Book Number 1881273156
040 ## - CATALOGING SOURCE
Original cataloging agency DLC
Transcribing agency DLC
Modifying agency DLC
050 00 - LIBRARY OF CONGRESS CALL NUMBER
Classification number HQ734
Item number .C466 1995
082 00 - DEWEY DECIMAL CLASSIFICATION NUMBER
Classification number 646.7/8
Edition number 20
100 1# - MAIN ENTRY--PERSONAL NAME
Personal name Chapman, Gary D.,
Dates associated with a name 1938-
9 (RLIN) 1760
245 14 - TITLE STATEMENT
Title The five love languages :
Remainder of title how to express heartfelt commitment to your mate /
Statement of responsibility, etc Gary Chapman.
246 ## - VARYING FORM OF TITLE
Title proper/short title The 5 love languages:
250 ## - EDITION STATEMENT
Edition statement [New ed.].
260 ## - PUBLICATION, DISTRIBUTION, ETC. (IMPRINT)
Place of publication, distribution, etc Chicago :
Name of publisher, distributor, etc Northfield Pub.,
Date of publication, distribution, etc c1995.
300 ## - PHYSICAL DESCRIPTION
Extent 204 p. ;
Dimensions 23 cm.
650 #0 - SUBJECT ADDED ENTRY--TOPICAL TERM
Topical term or geographic name as entry element Marriage.
9 (RLIN) 1318
650 #0 - SUBJECT ADDED ENTRY--TOPICAL TERM
Topical term or geographic name as entry element Communication in marriage.
9 (RLIN) 1761
650 #0 - SUBJECT ADDED ENTRY--TOPICAL TERM
Topical term or geographic name as entry element Love.
9 (RLIN) 985
906 ## - LOCAL DATA ELEMENT F, LDF (RLIN)
a 7
b cbc
c orignew
d 2
e ncip
f 19
g y-gencatlg
942 ## - ADDED ENTRY ELEMENTS (KOHA)
Source of classification or shelving scheme
Koha item type Books
Copies
Full call number Permanent Location Current Location Total Renewals Source of classification or shelving scheme Date checked out Not for loan Shelving location Copy number Barcode Price effective from Withdrawn status Date acquired Date last seen Damaged status Koha item type Lost status Total Checkouts
HQ 734 .C468RHEMA Bible Training CollegeRHEMA Bible Training College1 2017-05-04 General Stacks1124422010-04-14 2010-04-142017-05-23 Books 4